00820 2200301 4500001002100000005001500021035002000036007000300056040001700059100002700076245007000103250001800173300003400191020001800225041000800243082001100251084001700262090002400279264003000303336002100333337003000354338002300384650001400407850001000421008004100431504002400472990002200496INLIS00000000000727920260603094817 a0010-0822000253ta aSBPUPADbeng0 aIdris ThahaePengarang1 aBikin Gaul Lebih Indah :bCara Mudah Nolak Narkoba /cIdris Thaha a.-ed.1. cet.1 aviii,38 hlm. :bilus ;c25 cm a979-3464-30-507aeng a613.83 a613.83 IDR b a621.402 JPH h L20-2 aJakarta :bPrenada,c2006 2rdacontentateks 2rdamediaatanpa perantara 2rdacarrieravolume 4aNarkotika aPUPAD260603 1  aBibliografi, hlm 37 a6225/BR/APUS/2007